00653 2200169 4500245004400000020002200044250001100066100001400077650001700091005001900108260003800127041001400165084000800179300002300187500026400210336000900474 aBandit-Bandit BerkelascTere LiyehText a978-623-88822-6-7 aCet. 2 aTere Liye aNovel Remaja a20250304070817 aDepokbSabak Grip Nusantarac2024 aIndonesia a813 a368 hlm. :c20 cm. aMereka memang adalah bedebah. Bandit-bandit. Tapi mereka bukan pengkhianat, orang-orang bermuka dua, penjilat dan tabiat murahan lainnya. Mereka adalah bandit-bandit dengan kehormatan. Setia kawan. Pemegang janji terbaik. Mereka adalah bandit-bandit berkelas. atext